000 00297nam a2200133Ia 4500
008 090707b ii f a fnsan d
100 _aJagiasu, Joga Singh
_94886
245 _aTere khayal vich
260 _aDelhi
260 _bH.K. Prakashan
260 _c2003
300 _a151p
942 _cBK
999 _c20310
_d20310